[Event "BL2-Sued 2223"]
[Site "Germany"]
[Date "2023.02.04"]
[Round "5.8"]
[White "Tischendorf, Michael"]
[Black "Degenhard, Simon"]
[Result "1/2-1/2"]
[WhiteElo "2151"]
[BlackElo "2178"]
[PlyCount "28"]
[EventDate "2022.10.22"]
[EventType "team-tourn"]
[EventRounds "9"]
[EventCountry "GER"]
[SourceTitle "EXT 2024"]
[Source "ChessBase"]
[SourceDate "2023.10.10"]
[SourceVersion "1"]
[SourceVersionDate "2023.10.10"]
[SourceQuality "1"]
[WhiteTeam "Hofheim"]
[BlackTeam "Heilbronn"]
[WhiteTeamCountry "GER"]
[BlackTeamCountry "GER"]

1. d4 Nf6 2. Nc3 e6 3. Bf4 Bb4 4. Qd3 0-0 5. a3 Bxc3+ 6. Qxc3 Nd5 7. Qg3 Nxf4 8. Qxf4 d5 9. Nf3 Qd6 10. e3 b6 11. 0-0-0 Ba6 12. Bd3 Bxd3 13. Rxd3 Nd7 14. Re1 Rac8 1/2-1/2

[Event "Hessenliga 1921"]
[Site "Hessen"]
[Date "2020.02.16"]
[Round "6.3"]
[White "Uwira, Oliver"]
[Black "Tischendorf, Michael"]
[Result "1-0"]
[WhiteElo "2150"]
[BlackElo "2154"]
[PlyCount "69"]
[EventDate "2019.09.22"]
[EventType "team-tourn"]
[EventRounds "9"]
[EventCountry "GER"]
[SourceTitle "EXT 2024"]
[Source "ChessBase"]
[SourceDate "2023.10.10"]
[SourceVersion "1"]
[SourceVersionDate "2023.10.10"]
[SourceQuality "1"]
[WhiteTeam "Nied"]
[BlackTeam "Hofheim II"]
[WhiteTeamCountry "GER"]
[BlackTeamCountry "GER"]

1. d4 d5 2. c4 Nc6 3. Nc3 Nf6 4. Nf3 dxc4 5. Bg5 h6 6. Bh4 a6 7. d5 Na7 8. e4 Nb5 9. Qc2 Nxc3 10. bxc3 g5 11. Bg3 Bg7 12. Bxc4 0-0 13. 0-0 Bg4 14. Ne5 Bh5 15. Rab1 Rb8 16. Be2 Bxe2 17. Qxe2 Nd7 18. Nd3 Nb6 19. Nc5 Bxc3 20. Rfc1 Bg7 21. Ne6 fxe6 22. Bxc7 Qd7 23. Bxb8 Na4 24. Rc7 Nc3 25. Rxd7 Nxe2+ 26. Kf1 Nc3 27. Rbxb7 Nxe4 28. Ba7 exd5 29. Rxe7 Bf6 30. Red7 Nc3 31. a3 Nb5 32. Bc5 Rc8 33. Rxd5 Nc3 34. Rdd7 Ne4 35. Bd4 1-0

[Event "Hessenliga 1921"]
[Site "Hessen"]
[Date "2019.12.01"]
[Round "4.5"]
[White "Rueger, Erhard"]
[Black "Tischendorf, Michael"]
[Result "1/2-1/2"]
[WhiteElo "2108"]
[BlackElo "2154"]
[PlyCount "57"]
[EventDate "2019.09.22"]
[EventType "team-tourn"]
[EventRounds "9"]
[EventCountry "GER"]
[SourceTitle "EXT 2024"]
[Source "ChessBase"]
[SourceDate "2023.10.10"]
[SourceVersion "1"]
[SourceVersionDate "2023.10.10"]
[SourceQuality "1"]
[WhiteTeam "Frankfurt Bvk"]
[BlackTeam "Hofheim II"]
[WhiteTeamCountry "GER"]
[BlackTeamCountry "GER"]

1. Nf3 d5 2. g3 Nc6 3. c4 d4 4. Bg2 e5 5. d3 Bd6 6. 0-0 Nf6 7. Na3 0-0 8. Nc2 a5 9. a3 Nd7 10. Rb1 a4 11. e3 Nc5 12. exd4 exd4 13. Nfxd4 Nxd4 14. Nxd4 Bxg3 15. hxg3 Qxd4 16. Be3 Qd6 17. d4 Nb3 18. Bf4 Qd8 19. Be4 Nxd4 20. Bxc7 Qxc7 21. Qxd4 Rd8 22. Bd5 Be6 23. Rbd1 Ra6 24. Rfe1 Rad6 25. Qe5 Qc5 26. Qe4 b5 27. Rc1 g6 28. Bxe6 Rxe6 29. Qh4 1/2-1/2

[Event "Hessenliga 1921"]
[Site "Hessen"]
[Date "2019.11.10"]
[Round "3.5"]
[White "Tischendorf, Michael"]
[Black "Reh, Philipp"]
[Result "1-0"]
[WhiteElo "2154"]
[BlackElo "2007"]
[PlyCount "109"]
[EventDate "2019.09.22"]
[EventType "team-tourn"]
[EventRounds "9"]
[EventCountry "GER"]
[SourceTitle "EXT 2024"]
[Source "ChessBase"]
[SourceDate "2023.10.10"]
[SourceVersion "1"]
[SourceVersionDate "2023.10.10"]
[SourceQuality "1"]
[WhiteTeam "Hofheim II"]
[BlackTeam "Fulda"]
[WhiteTeamCountry "GER"]
[BlackTeamCountry "GER"]

1. d4 Nf6 2. Nc3 d6 3. Bf4 g6 4. e4 c6 5. Qd2 Bg7 6. 0-0-0 b5 7. Bd3 Qa5 8. Kb1 b4 9. Nce2 Be6 10. Nc1 Na6 11. Nge2 c5 12. d5 Bd7 13. f3 h5 14. h3 Nc7 15. g4 Bb5 16. Bxb5+ Nxb5 17. Qd3 Rc8 18. Nb3 Qb6 19. Nd2 Nc3+ 20. Nxc3 bxc3 21. Nc4 Qd8 22. e5 dxe5 23. Bxe5 0-0 24. Qxc3 Nxd5 25. Rxd5 Qxd5 26. Bxg7 Rfd8 27. Bh6 Qd4 28. Bd2 Qxc3 29. Bxc3 hxg4 30. hxg4 f6 31. b3 Kf7 32. g5 Rh8 33. Re1 Rcd8 34. Re3 Rd5 35. gxf6 exf6 36. Kb2 g5 37. Nd2 Rf5 38. Ne4 Rd8 39. Nxf6 Rxf6 40. Bxf6 Kxf6 41. Kc3 Rd4 42. a3 a5 43. Rd3 Rf4 44. Kd2 Ke5 45. Ke3 Rh4 46. Rd8 Rh2 47. Rd2 Rh1 48. Rg2 Kf5 49. Rg4 Re1+ 50. Kd3 Re5 51. Ra4 Ke6 52. Re4 Kd5 53. Rxe5+ Kxe5 54. Ke3 Kd5 55. c3 1-0

[Event "Wiesbaden op 31st"]
[Site "Wiesbaden"]
[Date "2019.08.24"]
[Round "4"]
[White "Pfeffer, Marko"]
[Black "Tischendorf, Michael"]
[Result "1/2-1/2"]
[WhiteElo "2025"]
[BlackElo "2165"]
[PlyCount "140"]
[EventDate "2019.08.22"]
[EventType "swiss"]
[EventRounds "7"]
[EventCountry "GER"]
[SourceTitle "EXT 2020"]
[Source "ChessBase"]
[SourceDate "2019.10.17"]
[SourceVersion "1"]
[SourceVersionDate "2019.10.17"]
[SourceQuality "1"]

1. c4 e5 2. g3 d6 3. Bg2 f5 4. d4 Be7 5. Nc3 c6 6. dxe5 dxe5 7. Qxd8+ Bxd8 8. e4 Na6 9. Nf3 Bf6 10. 0-0 Nc5 11. Re1 fxe4 12. Nxe4 Nxe4 13. Rxe4 Bf5 14. Re1 0-0-0 15. Bg5 h6 16. Bxf6 gxf6 17. Nh4 Bd3 18. b3 Rh7 19. Rad1 Re7 20. Bh3+ Kc7 21. Bf5 Bxf5 22. Nxf5 Red7 23. Rxd7+ Rxd7 24. Re4 Ne7 25. Nxe7 Rxe7 26. Rg4 Kd7 27. Rg6 Ke6 28. Rxh6 b5 29. cxb5 cxb5 30. Rh8 Kd5 31. Rf8 Re6 32. Rf7 Ra6 33. h4 Ke6 34. Rb7 Kf5 35. Rg7 Rxa2 36. h5 Rd2 37. h6 Rd8 38. h7 Rh8 39. Rxa7 Kg6 40. Rb7 Rxh7 41. Rxb5 Rc7 42. b4 Rc2 43. Kf1 Rb2 44. Ke1 Kf5 45. Rb6 Rb1+ 46. Ke2 Rb2+ 47. Kf1 Rb1+ 48. Kg2 Rb2 49. b5 Rb3 50. Rb8 Rb2 51. b6 e4 52. Kf1 Rb1+ 53. Ke2 Rb2+ 54. Ke3 Rb3+ 55. Kd4 Rb2 56. b7 Rb5 57. Kc4 Rb2 58. g4+ Kf4 59. g5 f5 60. g6 Rc2+ 61. Kd5 Rc7 62. Ke6 Kg5 63. Ke5 Rg7 64. Kd5 Kf4 65. Kc5 Kg4 66. Kd5 Kf4 67. Kd4 Kg4 68. Ke3 Kg5 69. f3 exf3 70. Kxf3 Re7 1/2-1/2

[Event "Hessenliga 1617"]
[Site "Hessen"]
[Date "2017.03.26"]
[Round "8.3"]
[White "Tischendorf, Michael"]
[Black "Rosenberger, Berthold"]
[Result "1/2-1/2"]
[WhiteElo "2194"]
[BlackElo "2217"]
[PlyCount "97"]
[EventDate "2016.09.18"]
[EventType "team-tourn"]
[EventRounds "9"]
[EventCountry "GER"]
[SourceTitle "EXT 2018"]
[Source "ChessBase"]
[SourceDate "2017.10.13"]
[SourceVersion "1"]
[SourceVersionDate "2017.10.13"]
[SourceQuality "1"]
[WhiteTeam "Hofheim II"]
[BlackTeam "Dettingen"]
[WhiteTeamCountry "GER"]
[BlackTeamCountry "GER"]

1. e4 c5 2. c3 d5 3. exd5 Qxd5 4. d4 Nf6 5. Nf3 Bg4 6. Be2 cxd4 7. cxd4 e6 8. 0-0 Be7 9. Nc3 Qd6 10. h3 Bh5 11. Qb3 Qb6 12. Qxb6 axb6 13. Be3 0-0 14. Rfd1 Rd8 15. g4 Bg6 16. d5 Nxd5 17. Nxd5 Rxd5 18. Rxd5 exd5 19. Bxb6 Nc6 20. Nd4 Bf6 21. Nxc6 bxc6 22. Rc1 Rxa2 23. Rxc6 h6 24. Bf3 d4 25. Rxf6 gxf6 26. Bxd4 f5 27. Kg2 fxg4 28. hxg4 Ra4 29. Bc5 Rc4 30. b4 Be4 31. Bxe4 Rxe4 32. Kf3 Rc4 33. Be3 h5 34. gxh5 Rxb4 35. h6 Kh7 36. Kg3 Kg6 37. Kh3 f6 38. Kg3 Kf5 39. f3 Rb2 40. Bc1 Re2 41. Bf4 Re8 42. Bd2 Rg8+ 43. Kf2 Rc8 44. Kg3 Rc4 45. Be3 Ke5 46. Bf4+ Kf5 47. Be3 Rc8 48. Bd2 Kg6 49. Be3 1/2-1/2

[Event "Hessenliga 1617"]
[Site "Hessen"]
[Date "2017.01.15"]
[Round "5.2"]
[White "Mueller, Maximilian"]
[Black "Tischendorf, Michael"]
[Result "1-0"]
[WhiteElo "2281"]
[BlackElo "2194"]
[PlyCount "78"]
[EventDate "2016.09.18"]
[EventType "team-tourn"]
[EventRounds "9"]
[EventCountry "GER"]
[SourceTitle "EXT 2018"]
[Source "ChessBase"]
[SourceDate "2017.10.13"]
[SourceVersion "1"]
[SourceVersionDate "2017.10.13"]
[SourceQuality "1"]
[WhiteTeam "Gernsheim"]
[BlackTeam "Hofheim II"]
[WhiteTeamCountry "GER"]
[BlackTeamCountry "GER"]

1. e4 c5 2. Ne2 Nf6 3. e5 Ng4 4. d4 cxd4 5. Qxd4 d6 6. exd6 e5 7. Qa4+ Qd7 8. Qxd7+ Bxd7 9. Nbc3 Bxd6 10. f3 Nf6 11. Bg5 Be7 12. 0-0-0 Nc6 13. Ng3 0-0-0 14. Bc4 Rhf8 15. Rhe1 h6 16. Bxf6 gxf6 17. Nd5 Be6 18. f4 exf4 19. Nh5 Bg4 20. Nxe7+ Nxe7 21. Rxd8+ Rxd8 22. Nxf6 Be6 23. Bxe6+ fxe6 24. Nh5 Nd5 25. c4 Nb4 26. Nxf4 Rd4 27. Nxe6 Rxc4+ 28. Kb1 Kd7 29. a3 Nd5 30. g3 b6 31. Nf8+ Kc7 32. Re5 Nf6 33. Re7+ Kd8 34. Re6 Ng4 35. h3 Nf2 36. Rxh6 Ke7 37. Ng6+ Kf6 38. Nf4+ Kf5 39. Rh7 Ne4 1-0

[Event "BL2-Sued 1516"]
[Site "Germany"]
[Date "2016.04.10"]
[Round "9.8"]
[White "Spiegel, Stefan"]
[Black "Tischendorf, Michael"]
[Result "1/2-1/2"]
[WhiteElo "2124"]
[BlackElo "2210"]
[PlyCount "140"]
[EventDate "2015.09.20"]
[EventType "team-tourn"]
[EventRounds "9"]
[EventCountry "GER"]
[SourceTitle "EXT 2017"]
[Source "ChessBase"]
[SourceDate "2016.10.25"]
[SourceVersion "1"]
[SourceVersionDate "2016.10.25"]
[SourceQuality "1"]
[WhiteTeam "Viernheim"]
[BlackTeam "Hofheim"]
[WhiteTeamCountry "GER"]
[BlackTeamCountry "GER"]

1. e4 c5 2. Nc3 Nc6 3. f4 g6 4. Nf3 Bg7 5. Bb5 Nd4 6. Bc4 e6 7. d3 Ne7 8. e5 d5 9. exd6 Nef5 10. Ne4 Nxd6 11. c3 Nxe4 12. dxe4 Nxf3+ 13. Qxf3 Bd7 14. a4 0-0 15. 0-0 Qc7 16. Qe2 Rfe8 17. a5 Bc6 18. Bb5 Rad8 19. Qc4 Qd7 20. Bxc6 Qxc6 21. Be3 Bf8 22. Rfd1 Rd7 23. Rxd7 Qxd7 24. Qa4 Rd8 25. Qxd7 Rxd7 26. Kf2 f5 27. Ke2 Kf7 28. Ra4 Be7 29. h3 fxe4 30. Rxe4 b5 31. axb6 axb6 32. Ra4 h5 33. Ra8 Bd6 34. g4 hxg4 35. hxg4 e5 36. fxe5 Bxe5 37. Ra6 Rd6 38. Kf3 Ke6 39. Ke4 Rc6 40. Ra8 Bg7 41. Rb8 Bf6 42. Bf4 Be7 43. Rb7 c4 44. Be3 Bd8 45. Rg7 Kf6 46. Bd4+ Kg5 47. Kd5 Rc7 48. Be3+ Kxg4 49. Rxg6+ Kf5 50. Rd6 Rc8 51. Bxb6 Bg5 52. Bc5 Rb8 53. Ba3 Bc1 54. Kxc4 Bxb2 55. Bxb2 Rxb2 56. Kc5 Ke5 57. Rd1 Ke6 58. c4 Rb8 59. Rd6+ Ke7 60. Rh6 Rc8+ 61. Kb5 Kd7 62. c5 Rb8+ 63. Rb6 Rh8 64. Rb7+ Kc8 65. Rg7 Rh6 66. Ra7 Kb8 67. Rd7 Kc8 68. Rd6 Rxd6 69. cxd6 Kd7 70. Kc5 Kd8 1/2-1/2

[Event "Hofheim Spring op-A 4th"]
[Site "Hofheim"]
[Date "2016.04.01"]
[Round "6"]
[White "Tischendorf, Michael"]
[Black "Zude, Erik"]
[Result "0-1"]
[WhiteElo "2210"]
[BlackElo "2398"]
[PlyCount "92"]
[EventDate "2016.03.29"]
[EventType "swiss"]
[EventRounds "9"]
[EventCountry "GER"]
[SourceTitle "CBM 171 Extra"]
[Source "ChessBase"]
[SourceDate "2016.04.26"]
[SourceVersion "1"]
[SourceVersionDate "2016.04.26"]
[SourceQuality "1"]

1. d4 Nf6 2. Nf3 g6 3. Bf4 Bg7 4. e3 0-0 5. h3 c5 6. c3 d6 7. Nbd2 Nbd7 8. Be2 b6 9. 0-0 Bb7 10. Qb3 a6 11. a4 Ra7 12. Rfd1 Qa8 13. Bh2 cxd4 14. exd4 Bh6 15. Ne1 Rb8 16. Bf3 b5 17. axb5 axb5 18. Rxa7 Qxa7 19. Bxb7 Rxb7 20. Nd3 Bxd2 21. Rxd2 Nb6 22. g4 Nc4 23. Re2 Nd5 24. Nf4 Nxf4 25. Bxf4 Qa4 26. Qc2 Qxc2 27. Rxc2 Na5 28. Re2 f6 29. Rc2 Kf7 30. Kf1 Ke6 31. Ke2 Kd5 32. Kd3 Rc7 33. f3 Rc4 34. Re2 e6 35. Bg3 b4 36. Bh4 g5 37. Bf2 b3 38. h4 Rc7 39. hxg5 fxg5 40. Be3 Rg7 41. Bc1 Rf7 42. Rf2 Nc4 43. Bxg5 Ra7 44. Rh2 Ra1 45. Bd2 Nxb2+ 46. Ke2 Nc4 0-1

[Event "Hofheim Spring op-A 4th"]
[Site "Hofheim"]
[Date "2016.03.30"]
[Round "3"]
[White "Tischendorf, Michael"]
[Black "Hebbering, Tom Elliot"]
[Result "1/2-1/2"]
[WhiteElo "2210"]
[BlackElo "2158"]
[PlyCount "33"]
[EventDate "2016.03.29"]
[EventType "swiss"]
[EventRounds "9"]
[EventCountry "GER"]
[SourceTitle "CBM 171 Extra"]
[Source "ChessBase"]
[SourceDate "2016.04.26"]
[SourceVersion "1"]
[SourceVersionDate "2016.04.26"]
[SourceQuality "1"]

1. d4 d5 2. Bf4 Nf6 3. e3 c5 4. c3 Qb6 5. Qb3 Nc6 6. Nd2 Bf5 7. Be2 c4 8. Qxb6 axb6 9. a3 b5 10. Rc1 e6 11. h3 h6 12. Ngf3 Be7 13. Ne5 Nxe5 14. Bxe5 0-0 15. Bxf6 Bxf6 16. 0-0 Rfe8 17. Rfe1 1/2-1/2

[Event "Bangkok op 14th"]
[Site "Bangkok"]
[Date "2014.04.13"]
[Round "2"]
[White "Dzhumaev, Marat"]
[Black "Tischendorf, Michael"]
[Result "1-0"]
[WhiteElo "2496"]
[BlackElo "2213"]
[PlyCount "85"]
[EventDate "2014.04.12"]
[EventType "swiss"]
[EventRounds "9"]
[EventCountry "THA"]
[SourceTitle "CBM 159 Extra"]
[Source "ChessBase"]
[SourceDate "2014.04.24"]
[SourceVersion "1"]
[SourceVersionDate "2014.04.24"]
[SourceQuality "1"]

1. e4 c5 2. Nc3 Nc6 3. Bb5 Nd4 4. Nf3 e6 5. 0-0 a6 6. Bd3 Nxf3+ 7. Qxf3 Qc7 8. Qh3 Bd6 9. Be2 Ne7 10. d3 Ng6 11. g3 Be5 12. f4 Bd4+ 13. Kh1 b5 14. a4 b4 15. Nd1 Bb7 16. Bf3 d6 17. Qg2 0-0 18. c3 Bf6 19. h4 Ne7 20. Bd2 a5 21. Nf2 bxc3 22. bxc3 g6 23. f5 Bg7 24. fxe6 fxe6 25. Bg4 Nf5 26. Bf3 Nh6 27. Nh3 Nf7 28. Nf4 Rae8 29. Bg4 Bc8 30. d4 cxd4 31. cxd4 Bxd4 32. Rac1 Qa7 33. Qh3 Ne5 34. Rxc8 Rxc8 35. Bxe6+ Kh8 36. Bxc8 Qa8 37. Be6 Qxe4+ 38. Qg2 Qc2 39. Bd5 Qxa4 40. Ne6 Rb8 41. Bg5 Ng4 42. Qf3 Nf2+ 43. Rxf2 1-0

[Event "BL2-Sued 1314"]
[Site "Germany"]
[Date "2013.11.24"]
[Round "3.7"]
[White "Gohil, Harry"]
[Black "Tischendorf, Michael"]
[Result "1/2-1/2"]
[WhiteElo "2320"]
[BlackElo "2196"]
[PlyCount "118"]
[EventDate "2013.10.13"]
[EventType "team-tourn"]
[EventRounds "9"]
[EventCountry "GER"]
[SourceTitle "EXT 2015"]
[Source "ChessBase"]
[SourceDate "2014.11.20"]
[SourceVersion "1"]
[SourceVersionDate "2014.11.20"]
[SourceQuality "1"]
[WhiteTeam "Schott Mainz"]
[BlackTeam "Hofheim"]
[WhiteTeamCountry "GER"]
[BlackTeamCountry "GER"]

1. d4 f5 2. Nc3 Nf6 3. Bg5 d5 4. Bxf6 exf6 5. e3 Be6 6. Bd3 Nc6 7. Qf3 Qd7 8. 0-0-0 0-0-0 9. Nge2 Kb8 10. Kb1 Ne7 11. Nc1 Nc8 12. Nb3 b6 13. Ne2 Bd6 14. Rc1 g5 15. g3 c6 16. c4 Bc7 17. Rc2 dxc4 18. Bxc4 Bxc4 19. Rxc4 Qd5 20. Nd2 g4 21. Qxd5 cxd5 22. Rc6 Bd6 23. a3 Ne7 24. Rc3 Rc8 25. Kc2 h5 26. h4 Rc6 27. Kd3 Kc7 28. Rb1 Kd7 29. b4 Rhc8 30. a4 Rxc3+ 31. Nxc3 a6 32. Rb3 Ke6 33. b5 a5 34. Na2 Rc7 35. Rb2 Rc8 36. Rb1 Rc7 37. Rg1 Rc8 38. Rf1 Rc7 39. Re1 Rc8 40. Rd1 Rc7 41. Nc3 Bb4 42. Rc1 Rxc3+ 43. Rxc3 Bxc3 44. Kxc3 Nc8 45. Kd3 Nd6 46. Ke2 Ne4 47. Nb3 Nc3+ 48. Kd2 Ne4+ 49. Ke1 Nc3 50. Nc1 Nxa4 51. Ne2 Nb2 52. Nf4+ Kd6 53. Nxh5 a4 54. Kd2 a3 55. Kc2 Nd1 56. Kb3 Nxf2 57. Nxf6 Ne4 58. Nxe4+ fxe4 59. Kxa3 Ke6 1/2-1/2

[Event "BL2-Sued 1213"]
[Site "Germany"]
[Date "2013.03.17"]
[Round "8.7"]
[White "Tischendorf, Michael"]
[Black "Kachiani Gersinska, Ketino"]
[Result "0-1"]
[WhiteElo "2200"]
[BlackElo "2366"]
[PlyCount "88"]
[EventDate "2012.10.14"]
[EventType "team-tourn"]
[EventRounds "9"]
[EventCountry "GER"]
[SourceTitle "CBM 154 Extra"]
[Source "ChessBase"]
[SourceDate "2013.06.25"]
[SourceVersion "2"]
[SourceVersionDate "2013.06.25"]
[SourceQuality "1"]
[WhiteTeam "Hofheim"]
[BlackTeam "Baden-Baden II"]
[WhiteTeamCountry "GER"]
[BlackTeamCountry "GER"]

1. c4 g6 2. g3 Bg7 3. Bg2 c5 4. Nc3 Nc6 5. Nf3 d6 6. 0-0 Bf5 7. d3 Qd7 8. Nd5 Rc8 9. Rb1 h5 10. h4 Nf6 11. Ng5 Nxd5 12. cxd5 Ne5 13. e4 Bg4 14. f3 f6 15. fxg4 fxg5 16. Bxg5 hxg4 17. b3 Nf7 18. Rf4 Bd4+ 19. Kf1 Nxg5 20. hxg5 Be3 21. Qxg4 Bxf4 22. Qxd7+ Kxd7 23. gxf4 Rcf8 24. Kf2 Rxf4+ 25. Kg3 Rff8 26. Bf3 e5 27. Bg4+ Kc7 28. Rc1 Kb6 29. a3 Rh7 30. Be6 Rh5 31. Bg4 Rh7 32. Be6 Rf4 33. Bg4 Rhf7 34. Rh1 Rf1 35. Rh2 Rg1+ 36. Rg2 Rxg2+ 37. Kxg2 Kc7 38. Be2 Rf4 39. Bf3 b5 40. Kg3 a5 41. Kg2 a4 42. bxa4 b4 43. axb4 cxb4 44. Bd1 Kb6 0-1

[Event "BL2-Sued 1213"]
[Site "Germany"]
[Date "2012.11.25"]
[Round "3.8"]
[White "Bach, Edwin"]
[Black "Tischendorf, Michael"]
[Result "1/2-1/2"]
[WhiteElo "2295"]
[BlackElo "2200"]
[PlyCount "91"]
[EventDate "2012.10.14"]
[EventType "team-tourn"]
[EventRounds "9"]
[EventCountry "GER"]
[SourceTitle "CBM 154 Extra"]
[Source "ChessBase"]
[SourceDate "2013.06.25"]
[SourceVersion "2"]
[SourceVersionDate "2013.06.25"]
[SourceQuality "1"]
[WhiteTeam "Untergrombach"]
[BlackTeam "Hofheim"]
[WhiteTeamCountry "GER"]
[BlackTeamCountry "GER"]

1. Nf3 d6 2. c4 f5 3. g3 Nf6 4. Bg2 g6 5. 0-0 Bg7 6. Nc3 0-0 7. d3 e5 8. Rb1 a5 9. a3 Nc6 10. b4 axb4 11. axb4 h6 12. b5 Ne7 13. Bb2 g5 14. Ra1 Rxa1 15. Qxa1 Be6 16. Qa7 b6 17. Ra1 Nd7 18. Nd2 Nc5 19. Na4 Qd7 20. Nxc5 dxc5 21. Nf1 Nc8 22. Qb7 f4 23. Nd2 e4 24. Bxg7 Qxg7 25. Rf1 Nd6 26. Qc6 f3 27. exf3 exd3 28. Re1 Bf5 29. Qd5+ Kh8 30. Bf1 Qc3 31. Qe5+ Qxe5 32. Rxe5 Ra8 33. Rd5 Ra2 34. Ne4 Nxe4 35. fxe4 Bxe4 36. Rd8+ Kg7 37. f3 Bxf3 38. Rxd3 Bg4 39. h3 Be6 40. Re3 Kf6 41. Rf3+ Ke5 42. Re3+ Kd6 43. Rd3+ Ke5 44. Re3+ Kd6 45. Rd3+ Ke7 46. Re3 1/2-1/2

[Event "Wiesbaden op 24th"]
[Site "Wiesbaden"]
[Date "2012.08.26"]
[Round "6"]
[White "Marzahn, Heiko"]
[Black "Tischendorf, Michael"]
[Result "1/2-1/2"]
[WhiteElo "2025"]
[BlackElo "2198"]
[PlyCount "105"]
[EventDate "2012.08.23"]
[EventType "swiss"]
[EventRounds "7"]
[EventCountry "GER"]
[SourceTitle "CBM 150 Extra"]
[Source "ChessBase"]
[SourceDate "2012.10.19"]
[SourceVersion "1"]
[SourceVersionDate "2012.10.19"]
[SourceQuality "1"]

1. d4 f5 2. g3 Nf6 3. Bg2 g6 4. Nc3 d5 5. Nf3 Bg7 6. Ne5 0-0 7. h4 c6 8. Bg5 Nbd7 9. Nxd7 Bxd7 10. Qd2 Be8 11. 0-0-0 b5 12. Kb1 a5 13. Bh6 Qd6 14. Bxg7 Kxg7 15. Qf4 Bf7 16. e3 Nd7 17. Qxd6 exd6 18. Ne2 Nb6 19. Nf4 h6 20. Bf1 Rh8 21. Bd3 Kf6 22. Rdg1 g5 23. Ng2 Bh5 24. Ne1 Nc4 25. Kc1 b4 26. Rh2 g4 27. Bxc4 dxc4 28. Ng2 Bf7 29. Nf4 Rhb8 30. Kd2 c3+ 31. bxc3 bxc3+ 32. Kxc3 Bxa2 33. Ra1 Bf7 34. Rhh1 Rb5 35. Rhb1 Rxb1 36. Rxb1 a4 37. Ra1 a3 38. Nd3 Ra4 39. Nc1 c5 40. Nb3 Bd5 41. Rd1 Rc4+ 42. Kd3 Rb4 43. Nd2 Ke6 44. Ra1 a2 45. c4 Be4+ 46. Nxe4 fxe4+ 47. Kxe4 Rb2 48. f3 cxd4 49. exd4 gxf3 50. Kxf3 Rd2 51. Ke4 Rg2 52. Kf3 Rd2 53. Ke4 1/2-1/2

[Event "Wiesbaden op 24th"]
[Site "Wiesbaden"]
[Date "2012.08.24"]
[Round "3"]
[White "Tischendorf, Michael"]
[Black "Gawehns, Klaus"]
[Result "0-1"]
[WhiteElo "2198"]
[BlackElo "2378"]
[PlyCount "72"]
[EventDate "2012.08.23"]
[EventType "swiss"]
[EventRounds "7"]
[EventCountry "GER"]
[SourceTitle "CBM 150 Extra"]
[Source "ChessBase"]
[SourceDate "2012.10.19"]
[SourceVersion "1"]
[SourceVersionDate "2012.10.19"]
[SourceQuality "1"]

1. c4 e6 2. g3 f5 3. Bg2 Nf6 4. Nc3 d5 5. d3 d4 6. Nb1 e5 7. Nf3 Nc6 8. 0-0 a5 9. e3 dxe3 10. Bxe3 Be7 11. d4 e4 12. Ne5 Nxe5 13. dxe5 Qxd1 14. Rxd1 Ng4 15. Bd4 Be6 16. h3 Nh6 17. b3 Nf7 18. Nd2 0-0-0 19. Nf1 Bb4 20. Rab1 Rd7 21. Ne3 Rhd8 22. Bb2 Bc5 23. Rxd7 Rxd7 24. g4 g6 25. gxf5 gxf5 26. Bc3 Bd4 27. Bxa5 Nxe5 28. Be1 Nd3 29. Nc2 Bb6 30. Ne3 f4 31. Ng4 f3 32. Bf1 Bxg4 33. hxg4 Nxe1 34. Rxe1 Rd2 35. Rxe4 Rxf2 36. Rf4 Rg2+ 0-1

[Event "BL2-West 1112"]
[Site "Germany"]
[Date "2011.11.20"]
[Round "3.8"]
[White "Rotstein, Arkadij"]
[Black "Tischendorf, Michael"]
[Result "1-0"]
[WhiteElo "2515"]
[BlackElo "2186"]
[PlyCount "49"]
[EventDate "2011.10.02"]
[EventType "team-tourn"]
[EventRounds "9"]
[EventCountry "GER"]
[SourceTitle "EXT 2015"]
[Source "ChessBase"]
[SourceDate "2014.11.20"]
[SourceVersion "1"]
[SourceVersionDate "2014.11.20"]
[SourceQuality "1"]
[WhiteTeam "Koeln Porz"]
[BlackTeam "Hofheim"]
[WhiteTeamCountry "GER"]
[BlackTeamCountry "GER"]

1. g3 f5 2. d4 Nf6 3. Bg2 g6 4. Nf3 Bg7 5. b4 Nc6 6. b5 Na5 7. Qd3 d5 8. Nbd2 Ne4 9. Ne5 Be6 10. h4 0-0 11. h5 Bf7 12. hxg6 hxg6 13. g4 fxg4 14. Nxe4 dxe4 15. Qxe4 Qd6 16. Qxg4 Bxe5 17. dxe5 Qxe5 18. Qh3 Rfd8 19. Qh7+ Kf8 20. Bh6+ Ke8 21. Bg7 Qe6 22. Rh4 Rd6 23. Bc3 Rad8 24. Qg7 Qd5 25. Bxd5 1-0

[Event "Hessenliga 1112"]
[Site "Germany"]
[Date "2011.09.25"]
[Round "1.2"]
[White "Tischendorf, Michael"]
[Black "Dunsbach, Ralf"]
[Result "0-1"]
[WhiteElo "2186"]
[BlackElo "2196"]
[PlyCount "106"]
[EventDate "2011.09.25"]
[EventType "team-tourn"]
[EventRounds "9"]
[EventCountry "GER"]
[SourceTitle "EXT 2013"]
[Source "ChessBase"]
[SourceDate "2012.11.22"]
[SourceVersion "1"]
[SourceVersionDate "2012.11.22"]
[SourceQuality "1"]
[WhiteTeam "Hofheim II"]
[BlackTeam "Bad Homburg"]
[WhiteTeamCountry "GER"]
[BlackTeamCountry "GER"]

1. d4 Nf6 2. c4 e6 3. g3 c5 4. d5 exd5 5. cxd5 g6 6. Bg2 d6 7. Nc3 Bg7 8. Nf3 0-0 9. 0-0 a6 10. a4 Nbd7 11. Nd2 Re8 12. h3 b6 13. Nc4 Ne5 14. Na3 Rb8 15. f4 Ned7 16. Qd3 Qc7 17. e4 h5 18. Be3 Nh7 19. Rae1 Ndf8 20. Nc4 Bd7 21. Nxd6 Qxd6 22. e5 Qc7 23. Qxa6 Qc8 24. Qa7 Bxh3 25. e6 Rb7 26. exf7+ Kxf7 27. Bxh3 Rxa7 28. Bxc8 Rxc8 29. f5 Re8 30. Nb5 Rd7 31. b3 gxf5 32. Rxf5+ Kg6 33. Rff1 Re4 34. d6 Ne6 35. Kg2 Nhg5 36. Bxg5 Rxe1 37. Rxe1 Nxg5 38. Re8 Bf6 39. Rc8 Ne4 40. Rc7 Rg7 41. Rc6 Kf5 42. d7 Rxd7 43. Rxb6 Rd2+ 44. Kg1 Bg5 45. Rc6 Re2 46. Nd6+ Nxd6 47. Rxd6 Be3+ 48. Kf1 Rb2 49. Rd3 Ke4 50. Rd8 Kf3 51. Rf8+ Kxg3 52. Rg8+ Kf3 53. Rf8+ Bf4 0-1

[Event "Wiesbaden op 23rd"]
[Site "Wiesbaden"]
[Date "2011.08.28"]
[Round "6"]
[White "Schwarz, Eduard"]
[Black "Tischendorf, Michael"]
[Result "0-1"]
[WhiteElo "2088"]
[BlackElo "2186"]
[PlyCount "46"]
[EventDate "2011.08.25"]
[EventType "swiss"]
[EventRounds "7"]
[EventCountry "GER"]
[SourceTitle "CBM 144 Extra"]
[Source "ChessBase"]
[SourceDate "2011.10.28"]
[SourceVersion "1"]
[SourceVersionDate "2011.10.28"]
[SourceQuality "1"]

1. d4 f5 2. g3 Nf6 3. Nh3 d6 4. Bg2 g6 5. d5 c6 6. c4 e5 7. dxe6 Bxe6 8. Qc2 Bg7 9. Nf4 Bf7 10. h4 Qb6 11. Be3 Qb4+ 12. Nd2 Ng4 13. 0-0-0 Nxe3 14. fxe3 Nd7 15. e4 0-0-0 16. exf5 gxf5 17. e4 fxe4 18. Nxe4 Ne5 19. a3 Qb6 20. Bh3+ Kb8 21. Be6 Nxc4 22. Bxf7 Bxb2+ 23. Kb1 Nxa3+ 0-1